[Event "Oberliga Bayern 0102"]
[Site "Bayern"]
[Date "2002.03.17"]
[Round "7.4"]
[White "Schmitz, Thorsten"]
[Black "Strube, Frank"]
[Result "0-1"]
[WhiteElo "2265"]
[BlackElo "2195"]
[PlyCount "112"]
[EventDate "2001.10.07"]
[EventType "team"]
[EventRounds "9"]
[EventCountry "GER"]
[SourceTitle "EXT 2003"]
[Source "ChessBase"]
[SourceDate "2002.11.25"]
[SourceVersion "1"]
[SourceVersionDate "2002.11.25"]
[SourceQuality "1"]
[WhiteTeam "Pasing"]
[BlackTeam "Zirndorf"]
[WhiteTeamCountry "GER"]
[BlackTeamCountry "GER"]

1. e4 c5 2. Nf3 e6 3. d4 cxd4 4. Nxd4 a6 5. Bd3 Nc6 6. Nxc6 dxc6 7. 0-0 e5 8. Nd2 Ne7 9. Qh5 Ng6 10. Nc4 Qc7 11. Bd2 b5 12. Ba5 Qb8 13. Nb6 Ra7 14. Nxc8 Qxc8 15. g3 Bd6 16. Rfd1 Qe6 17. Bf1 0-0 18. Rd3 Bc5 19. b3 Re8 20. Rad1 Nf8 21. Bh3 Qf6 22. Qf5 Qe7 23. c3 g6 24. Qf3 Raa8 25. R1d2 Ne6 26. Rd7 Ng5 27. Qg2 Qf6 28. Bg4 h5 29. Bd1 h4 30. b4 h3 31. Qf1 Bf8 32. Bb6 Nxe4 33. R2d3 Ng5 34. Be3 e4 35. Rd2 Rad8 36. Bg4 Rxd7 37. Rxd7 Nf3+ 38. Bxf3 exf3 39. Qxh3 Qxc3 40. Rd1 Bxb4 41. Qd7 Re6 42. h3 Bf8 43. Qd8 Qb4 44. Qg5 Rd6 45. Rc1 Qa4 46. Kh2 Qxa2 47. Qf4 Qe2 48. Qe4 Re6 49. Qf4 c5 50. h4 b4 51. h5 Rxe3 52. Qxe3 Qxe3 53. fxe3 gxh5 54. Kg1 b3 55. Kf2 c4 56. Rb1 Bb4 0-1

[Event "Oberliga Bayern 0102"]
[Site "Bayern"]
[Date "2002.02.03"]
[Round "5.4"]
[White "Albeker, Mark"]
[Black "Strube, Frank"]
[Result "1-0"]
[WhiteElo "2135"]
[BlackElo "2195"]
[PlyCount "69"]
[EventDate "2001.10.07"]
[EventType "team"]
[EventRounds "9"]
[EventCountry "GER"]
[SourceTitle "EXT 2003"]
[Source "ChessBase"]
[SourceDate "2002.11.25"]
[SourceVersion "1"]
[SourceVersionDate "2002.11.25"]
[SourceQuality "1"]
[WhiteTeam "Haunstetten"]
[BlackTeam "Zirndorf"]
[WhiteTeamCountry "GER"]
[BlackTeamCountry "GER"]

1. d4 Nf6 2. c4 e6 3. Nc3 Bb4 4. Nf3 c5 5. g3 0-0 6. Bg2 cxd4 7. Nxd4 d5 8. cxd5 Nxd5 9. Bd2 Bxc3 10. bxc3 e5 11. Nf3 Nc6 12. 0-0 Qc7 13. c4 Nde7 14. Bc3 f6 15. Qa4 Be6 16. Rfc1 Rac8 17. Rab1 Rfd8 18. Nd2 b6 19. e3 Bf5 20. Ne4 Be6 21. Be1 h6 22. c5 bxc5 23. Nxc5 Bf7 24. Nb7 Rf8 25. Na5 Be8 26. Nxc6 Nxc6 27. Qc4+ Kh8 28. Bb4 Rf7 29. Bd5 Rd7 30. Qxc6 Qxc6 31. Rxc6 Rb8 32. Rc5 Bg6 33. e4 f5 34. a3 fxe4 35. Re1 1-0

[Event "Oberliga Bayern 0102"]
[Site "Bayern"]
[Date "2002.01.20"]
[Round "4.5"]
[White "Wimmer, Herbert"]
[Black "Strube, Frank"]
[Result "1-0"]
[WhiteElo "2125"]
[BlackElo "2195"]
[PlyCount "145"]
[EventDate "2001.10.07"]
[EventType "team"]
[EventRounds "9"]
[EventCountry "GER"]
[SourceTitle "EXT 2003"]
[Source "ChessBase"]
[SourceDate "2002.11.25"]
[SourceVersion "1"]
[SourceVersionDate "2002.11.25"]
[SourceQuality "1"]
[WhiteTeam "Rosenheim Pang"]
[BlackTeam "Zirndorf"]
[WhiteTeamCountry "GER"]
[BlackTeamCountry "GER"]

1. d4 Nf6 2. c4 e6 3. Nf3 Bb4+ 4. Nbd2 b6 5. a3 Bxd2+ 6. Nxd2 Bb7 7. Qc2 d5 8. e3 0-0 9. b4 c5 10. bxc5 bxc5 11. Rb1 Qc7 12. cxd5 Bxd5 13. e4 Bb7 14. Qxc5 Qxc5 15. dxc5 Bxe4 16. Nxe4 Nxe4 17. Be3 Nc6 18. Bd3 Nc3 19. Rb3 Nd5 20. Ke2 Rfd8 21. Rc1 f5 22. Bc4 f4 23. Bd2 Nd4+ 24. Ke1 Rac8 25. Rd3 e5 26. Bxf4 Rxc5 27. Bxe5 Nc6 28. Rxd5 Rcxd5 29. Bxd5+ Rxd5 30. Rxc6 Rxe5+ 31. Kd2 Ra5 32. Rc3 Kf7 33. Kc2 h5 34. Kb3 g5 35. Kb4 Ra6 36. Rc5 Kf6 37. a4 Rb6+ 38. Kc3 Rb1 39. Kd3 Rb3+ 40. Rc3 Rb4 41. Rc6+ Kf5 42. Ra6 Rb3+ 43. Kd4 Rb7 44. h3 h4 45. Ra5+ Kf4 46. g3+ Kf3 47. Rxg5 Kxf2 48. gxh4 Rb4+ 49. Ke5 Rxh4 50. a5 Rxh3 51. Kd5 Ke3 52. Kc5 Rh7 53. Rg4 Kd3 54. Rg3+ Ke4 55. Rg5 Re7 56. Kd6 Rf7 57. Rg4+ Kd3 58. Kc6 Kc3 59. Kb5 Re7 60. Rc4+ Kb3 61. Rc5 Rg7 62. Rf5 Kc3 63. Rf3+ Kd4 64. Kc6 Ke5 65. Rd3 Rh7 66. a6 Rg7 67. Rb3 Kd4 68. Rb7 Rg6+ 69. Kb5 Rg5+ 70. Kb4 Rg6 71. Kb5 Rg5+ 72. Kb4 Kd5 73. Rb5+ 1-0

[Event "Landesliga Nord 0001"]
[Site "Bayern"]
[Date "2001.03.11"]
[Round "7"]
[White "Strube, Frank"]
[Black "Dahlheimer, Bernd"]
[Result "0-1"]
[WhiteElo "2180"]
[BlackElo "2160"]
[PlyCount "90"]
[EventDate "2000.10.15"]
[EventType "team-tourn"]
[EventRounds "9"]
[EventCountry "GER"]
[SourceTitle "EXT 2020"]
[Source "ChessBase"]
[SourceDate "2019.10.17"]
[SourceVersion "1"]
[SourceVersionDate "2019.10.17"]
[SourceQuality "1"]
[WhiteTeam "Zirndorf"]
[BlackTeam "Dettingen"]
[WhiteTeamCountry "GER"]
[BlackTeamCountry "GER"]

1. d4 Nf6 2. c4 g6 3. Nc3 Bg7 4. e4 0-0 5. Be3 d6 6. f3 Nc6 7. Nge2 a6 8. Qd2 Rb8 9. Bh6 Bxh6 10. Qxh6 e5 11. 0-0-0 b5 12. h4 Kh8 13. h5 Ng8 14. Qe3 g5 15. d5 Na5 16. Ng3 bxc4 17. Rd2 h6 18. Nd1 Ne7 19. Qa3 c6 20. dxc6 Be6 21. Rxd6 Qc7 22. Ne3 Naxc6 23. Nd5 Bxd5 24. exd5 Nb4 25. Rxh6+ Kg8 26. d6 Qa7 27. dxe7 Qxe7 28. Ne4 Rfc8 29. Qe3 Nd3+ 30. Bxd3 cxd3+ 31. Nc3 Rxc3+ 32. bxc3 Qa3+ 33. Kd2 Qxa2+ 34. Kxd3 Rd8+ 35. Ke4 Qc2+ 36. Kxe5 Re8+ 37. Kd4 Rxe3 38. Kxe3 Qxc3+ 39. Kf2 Qd2+ 40. Kg3 Qf4+ 41. Kf2 Qd4+ 42. Ke2 Qe5+ 43. Kf2 g4 44. Rh4 g3+ 45. Kf1 Qb2 0-1

[Event "Landesliga Nord 0001"]
[Site "Bayern"]
[Date "2001.02.18"]
[Round "6"]
[White "Kirbach, Thomas"]
[Black "Strube, Frank"]
[Result "0-1"]
[WhiteElo "2005"]
[BlackElo "2180"]
[PlyCount "75"]
[EventDate "2000.10.15"]
[EventType "team-tourn"]
[EventRounds "9"]
[EventCountry "GER"]
[SourceTitle "EXT 2020"]
[Source "ChessBase"]
[SourceDate "2019.10.17"]
[SourceVersion "1"]
[SourceVersionDate "2019.10.17"]
[SourceQuality "1"]
[WhiteTeam "Fuerth SF"]
[BlackTeam "Zirndorf"]
[WhiteTeamCountry "GER"]
[BlackTeamCountry "GER"]

1. d4 Nf6 2. c4 d6 3. Nc3 Nbd7 4. e4 e5 5. Nf3 Be7 6. Be2 0-0 7. 0-0 c6 8. Re1 Qc7 9. Bf1 Re8 10. h3 a6 11. a4 b6 12. Bg5 Nf8 13. b4 Bb7 14. Qb3 Ne6 15. Be3 exd4 16. Nxd4 Nxd4 17. Bxd4 c5 18. Be3 Nxe4 19. Nd5 Bxd5 20. cxd5 cxb4 21. Qxb4 Nc5 22. Bd4 Bf8 23. Rec1 Qb7 24. Rd1 Re4 25. f3 Rf4 26. Qb2 g6 27. a5 b5 28. Rac1 Rxd4 29. Qxd4 Nb3 30. Qe4 Nxc1 31. Rxc1 Qa7+ 32. Kh1 Qf2 33. Qd3 Bh6 34. Rc2 Qg3 35. Qd4 Bf4 36. Qg1 Re8 37. Re2 Rc8 38. Re4 0-1

[Event "Landesliga Nord 0001"]
[Site "Bayern"]
[Date "2001.01.14"]
[Round "4"]
[White "Strube, Frank"]
[Black "Frieser, Klaus"]
[Result "0-1"]
[WhiteElo "2180"]
[BlackElo "2115"]
[PlyCount "80"]
[EventDate "2000.10.15"]
[EventType "team-tourn"]
[EventRounds "9"]
[EventCountry "GER"]
[SourceTitle "EXT 2020"]
[Source "ChessBase"]
[SourceDate "2019.10.17"]
[SourceVersion "1"]
[SourceVersionDate "2019.10.17"]
[SourceQuality "1"]
[WhiteTeam "Zirndorf"]
[BlackTeam "Kelheim"]
[WhiteTeamCountry "GER"]
[BlackTeamCountry "GER"]

1. c4 e6 2. g3 d5 3. Bg2 c6 4. d4 Be7 5. Nd2 f5 6. Qc2 Nf6 7. Nh3 0-0 8. Nf3 Ne4 9. 0-0 Bf6 10. Nf4 Qe7 11. Nd3 Nd7 12. b3 g5 13. Nfe5 Qg7 14. Ba3 Be7 15. Bxe7 Qxe7 16. Rae1 Nd6 17. f3 f4 18. Qd2 Nf5 19. gxf4 gxf4 20. Qxf4 Nh4 21. Qh6 Nf5 22. Qh3 Rf6 23. Ng4 Rg6 24. Nf4 Rg7 25. e4 Nxd4 26. exd5 Qg5 27. Nxe6 Nxe6 28. dxe6 Nc5 29. Re5 Qe7 30. Nh6+ Kh8 31. Rfe1 Nd3 32. Nf5 Bxe6 33. Rxe6 Qc5+ 34. R1e3 Nf4 35. Qh6 Rxg2+ 36. Kf1 Qxf5 37. Re8+ Rxe8 38. Rxe8+ Rg8 39. Re7 Qd3+ 40. Kf2 Rg2+ 0-1

[Event "Landesliga Nord 0001"]
[Site "Bayern"]
[Date "2000.11.12"]
[Round "2"]
[White "Strube, Frank"]
[Black "Dietrich, Reinhard"]
[Result "1-0"]
[WhiteElo "2190"]
[BlackElo "2094"]
[PlyCount "93"]
[EventDate "2000.10.15"]
[EventType "team-tourn"]
[EventRounds "9"]
[EventCountry "GER"]
[SourceTitle "EXT 2020"]
[Source "ChessBase"]
[SourceDate "2019.10.17"]
[SourceVersion "1"]
[SourceVersionDate "2019.10.17"]
[SourceQuality "1"]
[WhiteTeam "Zirndorf"]
[BlackTeam "Neutraubling Wacker"]
[WhiteTeamCountry "GER"]
[BlackTeamCountry "GER"]

1. c4 g6 2. Nc3 Bg7 3. g3 d6 4. Bg2 e5 5. b4 Nf6 6. Nf3 0-0 7. 0-0 Nh5 8. Ba3 f5 9. Rc1 f4 10. d4 Nc6 11. dxe5 Nxe5 12. c5 dxc5 13. Qd5+ Nf7 14. Qxc5 c6 15. b5 Bd7 16. Rfd1 Re8 17. bxc6 bxc6 18. Bh3 Bf8 19. Rxd7 Bxc5 20. Rxd8 Bxa3 21. Rxe8+ Rxe8 22. Rb1 fxg3 23. hxg3 Nf6 24. Rb7 a5 25. e3 g5 26. Nd4 Bb4 27. Be6 Re7 28. Rxe7 Bxe7 29. Nxc6 Kf8 30. Nxe7 Kxe7 31. Bb3 Ne5 32. Kf1 Kd6 33. f4 gxf4 34. gxf4 Nd3 35. Bc2 Nb4 36. Bb3 Nd3 37. Bf7 Ke7 38. Bc4 Nb2 39. Bb3 Kd6 40. Ke2 Kc5 41. Kf3 Nd3 42. Ne4+ Nxe4 43. Kxe4 Nf2+ 44. Kf5 h5 45. Kg5 Ng4 46. e4 Kd4 47. e5 1-0

[Event "Landesliga Nord 9899"]
[Site "Bayern"]
[Date "1999.04.11"]
[Round "7.4"]
[White "Deckert, Marc"]
[Black "Strube, Frank"]
[Result "1-0"]
[WhiteElo "2100"]
[BlackElo "2230"]
[PlyCount "81"]
[EventDate "1998.10.11"]
[EventType "team-tourn"]
[EventRounds "9"]
[EventCountry "GER"]
[SourceTitle "EXT 2020"]
[Source "ChessBase"]
[SourceDate "2019.10.17"]
[SourceVersion "1"]
[SourceVersionDate "2019.10.17"]
[SourceQuality "1"]
[WhiteTeam "Fuerth SF"]
[BlackTeam "Zirndorf"]
[WhiteTeamCountry "GER"]
[BlackTeamCountry "GER"]

1. e4 g6 2. d4 Bg7 3. Nc3 c6 4. Bf4 d6 5. Be2 Qb6 6. Qd2 Qxd4 7. Bd3 Qb6 8. 0-0-0 Nf6 9. f3 Be6 10. Nge2 Nbd7 11. g4 Nc5 12. Nd4 Na4 13. Nxa4 Qxd4 14. Nc3 Nd7 15. a3 Qb6 16. Be2 Qa5 17. Nb1 Qxd2+ 18. Nxd2 0-0-0 19. Be3 Kc7 20. f4 f5 21. exf5 gxf5 22. h3 Rhf8 23. Rhg1 Bh8 24. Nf3 Nb6 25. Bd3 Nd5 26. Rde1 Bc8 27. Bd2 e5 28. fxe5 fxg4 29. exd6+ Rxd6 30. Ne5 gxh3 31. Bxh7 Rf2 32. Nd3 Rf8 33. c4 Nf6 34. Bf4 Nh5 35. Bh2 Kd7 36. Nc5+ Kc7 37. Re7+ Kb6 38. Bxd6 Bd4 39. Na4+ Ka5 40. Bb4+ Ka6 41. Rg5 1-0

[Event "Landesliga Nord 9899"]
[Site "Bayern"]
[Date "1999.02.07"]
[Round "5.4"]
[White "Frieser, Klaus"]
[Black "Strube, Frank"]
[Result "1-0"]
[WhiteElo "2155"]
[BlackElo "2230"]
[PlyCount "91"]
[EventDate "1998.10.11"]
[EventType "team-tourn"]
[EventRounds "9"]
[EventCountry "GER"]
[SourceTitle "EXT 2020"]
[Source "ChessBase"]
[SourceDate "2019.10.17"]
[SourceVersion "1"]
[SourceVersionDate "2019.10.17"]
[SourceQuality "1"]
[WhiteTeam "Kelheim"]
[BlackTeam "Zirndorf"]
[WhiteTeamCountry "GER"]
[BlackTeamCountry "GER"]

1. d4 d6 2. c4 e5 3. dxe5 dxe5 4. Qxd8+ Kxd8 5. Nc3 Be6 6. e4 c6 7. f4 exf4 8. Bxf4 Nd7 9. 0-0-0 Bb4 10. Kc2 Ngf6 11. Bd3 Ke7 12. a3 Bxc3 13. Kxc3 Nc5 14. Bg5 h6 15. Bxf6+ Kxf6 16. Nf3 Rad8 17. Bc2 Bg4 18. Rhf1 Bxf3 19. Rxf3+ Ke7 20. Rdf1 Rhf8 21. b4 Ne6 22. Rd3 b6 23. Rfd1 f6 24. Ba4 Rxd3+ 25. Rxd3 Rc8 26. Rg3 c5 27. Rd3 Nd4 28. Bd1 Kd6 29. Bh5 Ke5 30. Bg6 Rd8 31. Rd2 Rd6 32. Rb2 Ne6 33. Rf2 Nf4 34. Bh7 Rd3+ 35. Kb2 Rd1 36. Kc2 Ra1 37. Kb3 cxb4 38. axb4 Rb1+ 39. Kc3 a6 40. g3 Ne6 41. Rd2 Nc7 42. Rd7 Rc1+ 43. Kb3 Ne8 44. Rd5+ Ke6 45. Bf5+ Ke7 46. Rd7+ 1-0